000 00507nam a22001817a 4500
005 20240311131022.0
008 240220b |||||||| |||| 00| 0 eng d
020 _a9781556424168
082 _a617.9
_bEDE-O
100 _aEdelstein, Joan E.
245 _aOrthotics:
_bComprehensive Clinical Approach /
_cJoan E. Edelstein
260 _aUSA :
_bSlack ;
_c2002 .
300 _a178 p. :
_bill;
_c25 cm.
500 _aInclude Index.
650 _aMedical / Dentistry
700 _aJan Bruckner.
999 _c35160
_d35160